Bases para el desarrollo regional. /
Guardado en:
| Autor Principal: | |
|---|---|
| Formato: | Libro |
| Idioma: | Undetermined |
| Publicado: |
Córdoba [Ar.] :
[Dirección de planeamiento de la gobernación de Córdoba,
1964.
|
| Materias: | |
| Etiquetas: |
Agregar Etiqueta
Sin Etiquetas, Sea el primero en etiquetar este registro!
|
| LEADER | 00564nam a22001575a 4500 | ||
|---|---|---|---|
| 001 | EHU.bham048024 | ||
| 005 | 20110905082213.0 | ||
| 008 | 110905s1964####xx############000#0#und#d | ||
| 100 | 1 | |a Paez Molina, Juan Martin. | |
| 245 | 0 | 0 | |a Bases para el desarrollo regional. / |c Juan Martin Paez Molina. |
| 260 | |a Córdoba [Ar.] : |b [Dirección de planeamiento de la gobernación de Córdoba, |c 1964. | ||
| 300 | |a 81 p. | ||
| 653 | |a Argentina. | ||
| 653 | |a Plan de desarrollo. | ||
| 653 | |a Regiones argentinas. | ||
| 859 | |a AR-BHAM |b BIB. HUMANIDADES - Donacion Lejarraga |h MFN002243 |p 002243.19 | ||
